Paesi che confinano con la Costa d'Avorio - Statistics

Statistiche generali
  • Questo quiz è stato fatto 52 volte
  • Il punteggio medio è 5 su 5
Statistiche sulle risposte
Paesi % Corretto
Ghana
98%
Guinea
95%
Burkina Faso
93%
Liberia
90%
Mali
83%
Nessun quiz corrispondente trovato
Distribuzione punteggi
Percentuale di utenti per punteggio
Percentile per numero di risposta
I tuoi punteggi nel tempo
Non hai fatto questo quiz